000 01612nam0a2200325 4500
001 RU\NLR\bibl\1690598
005 20260406160108.0
010 _a978-5-317-03254-8
_9100
021 _aRU
_b2010-72829
_94825
035 _a(NLR Aleph) 001681717
090 _a1105459
_c1105459
100 _a20101025d2010 |||y0rusy50 ca
101 0 _arus
102 _aRU
105 _aa |||||||||
200 1 _aПолитические институты и процессы в XXI веке
_eсборник статей студентов, аспирантов и молодых ученых-политологов
_fРос. ун-т Дружбы Народов, Фак. гуманит. и соц. наук, Каф. полит. наук
_g[отв. ред.: д.ист.н., проф. Д.Е. Слизовский]
210 _aМосква
_cМакс-пресс
_d2010
215 _a194, [1] с.
_cил.
_d21
320 _aБиблиогр. в конце ст.
606 1 _aИнституты политические
_jСборники
_92180278
_3RU\NLR\auth\661311166
606 1 _aСудебные процессы политические
_jСборники
_92045234
_3RU\NLR\auth\66943177
686 _aФ3(0)12я43
686 _aФ3(0)3я43
702 1 _aСлизовский
_bД. Е.
_gДмитрий Егорович
_4340
712 0 2 _4570
_aРоссийский университет дружбы народов
_bКафедра политических наук
_3RU\NLR\AUTH\889931434
_9358310
801 0 _aRU
_bNLR
_c20101025
_gRCR
801 1 _aRU
_bNLR
_c20101025
942 _cBOOK
980 _aNB